| 000 | 00617nam a2200217 a 4500 | ||
|---|---|---|---|
| 005 | 20241211063734.0 | ||
| 008 | 991125s1982 mx 000 0 spa u | ||
| 020 | _a968444278 | ||
| 035 | _aUPN01000016497 | ||
| 049 | _aCG | ||
| 050 | 4 |
_aLB2331 _bB5.2 |
|
| 100 | 1 | _aBlanco Beledo, Ricardo | |
| 245 | 1 | 0 |
_aDocencia universitaria y desarrollo y humano / _cRicardo Blanco Beledo. |
| 260 |
_aMéxico : _bAlhambra, _c1982. |
||
| 300 | _a150 p. | ||
| 500 | _aFotocopia | ||
| 650 | 4 |
_aEducación superior _932 |
|
| 650 | 4 |
_aEnseñanza universitaria _913570 |
|
| 650 | 4 |
_aMaestros universitarios _9894 |
|
| 905 | _aLibro | ||
| 999 |
_c16497 _d16497 |
||